000 00236nam a2200097Ia 4500
008 220120s9999||||xx |||||||||||||| ||und||
082 _a621.382 YOG
100 _aYoganarashimhan
_911392
245 0 _aElectronic circuits - II
300 _b0
999 _c136304
_d136304